LEADER 01140nam0 22002771i 450 001 UON00323344 005 20231205104149.736 100 $a20090505d1982 |0itac50 ba 101 $aeng 102 $aUS 105 $a|||| 1|||| 200 1 $aˆA ‰Comparison of the Definite and Indefinite Articles in English and in Catalan$fSilvia Cardus 205 $aLos Angeles : University Microfilm International$b1982 210 $aviii$d101 p. ; 21 cm 215 $aAuthorized Facsimile printed by microfilm in 1985 606 $aLinguistica comparata$3UONC070056$2FI 620 $aUS$dLos Angeles$3UONL000060 676 $a417.7$cLinguistica storica$v21 700 1$aCARDUS$bSilvia$3UONV184231$0699510 712 $aUMI$3UONV245796$4650 801 $aIT$bSOL$c20250613$gRICA 899 $aSIBA - SISTEMA BIBLIOTECARIO DI ATENEO$2UONSI 912 $aUON00323344 950 $aSIBA - SISTEMA BIBLIOTECARIO DI ATENEO$dSI FL 5 0005 $eSI EO 14842 5 0005 996 $aComparison of the Definite and Indefinite Articles in English and in Catalan$91372044 997 $aUNIOR